LEADER 00995cam0-22003491i-450- 001 990007858160403321 005 20040714122752.0 010 $a3-406-45865-3 035 $a000785816 035 $aFED01000785816 035 $a(Aleph)000785816FED01 035 $a000785816 100 $a20040219d2001----km-y0itay50------ba 101 0 $ager 102 $aDE 105 $ay---n---001yy 200 1 $aStrafgesetzbuch$eKommentar$fbegrundet von Adolf Schönke$gfortgefuhrt von Horst Schröder 205 $a26., neubearb. Aufl.$fvon Theodor Lenckner ... [et al.] 210 $aMunchen$cBeck$dc2001 215 $aXXXIII, 2703 p.$d25 cm 676 $a345.43002638$v19 676 $a345.43002638$v20 702 1$aLenckner,$bTheodor 702 1$aSchröder,$bHorst 702 1$aSchönke,$bAdolf 801 0$aIT$bUNINA$gRICA$2UNIMARC 901 $aBK 912 $a990007858160403321 952 $a2-165$b3822$fDSPCP 959 $aDSPCP 996 $aSTRAFGESETZBUCH$9584020 997 $aUNINA LEADER 01138nam0-22003011i-450 001 990001827070403321 005 20190529131425.0 035 $a000182707 035 $aFED01000182707 035 $a(Aleph)000182707FED01 035 $a000182707 100 $a20021010d1996----km-y0itay50------ba 101 0 $aita 200 1 $a<>alunni del collegium sinnicum di Napoli, la missione Macartney presso l' imperatore Quianlong e la richiesta diliberta di culto per i cristiani cinesi [1792-1793]$fMichele Fatica. 210 $aNapoli$c...$d1996. 215 $ap. 525-565$d24 cm 300 $aEstr. da: Istituto Universitario Orientale. Dipartimento di Studi Asiatici. Series minor, 51, 1996. 610 0 $aCina - storia 676 $a951 700 1$aFatica,$bMichele$080358 801 0$aIT$bUNINA$gRICA$2UNIMARC 901 $aLG 912 $a990001827070403321 952 $a60 OP. 143/18$b7464$fFAGBC 959 $aFAGBC 996 $aAlunni del collegium sinnicum di Napoli, la missione Macartney presso l' imperatore Quianlong e la richiesta diliberta di culto per i cristiani cinesi$9411516 997 $aUNINA DB $aING01 LEADER 01303cam2-2200313---450 001 990005904490203316 005 20240527121055.0 010 $a88-14-10150-7 035 $a000590449 035 $aUSA01000590449 035 $a(ALEPH)000590449USA01 035 $a000590449 100 $a20131104d2003----km-y0enga50------ba 101 $aita 102 $aIT 200 1 $a<> Diritto internazionale privato, condizione e reciprocitā, diritto amministrativo internazionale, diritto processuale civile internazionale, diritto tributario internazionale, diritto valutario, trusts$fGaetano Petrelli 210 $aMilano$cGiuffrč$d2003 215 $aXXXVII, 1085 p.$d25 cm$e1 Cd-Rom 461 1$1001990001402610203316$12001$aFormulario notarile commentato 606 $aNotariato$xLegislazione$xFormulari$2BNCF 676 $a347.45016 700 1$aPETRELLI,$bGaetano$0235082 912 $a990005904490203316 951 $aXXV.1.C. 163 3.1$b38703 G.$cXXV.1.C.$d00093350 959 $aBK 969 $aGIU 979 $aCHIARA$b90$c20131104$lUSA01$h1411 996 $aDiritto internazionale privato, condizione e reciprocitā, diritto amministrativo internazionale, diritto processuale civile internazionale, diritto tributario internazionale, diritto valutario, trusts$91074947 997 $aUNISA